Risk, resources, and education-public versus private financing of higher education

Salvato in:
Dettagli Bibliografici
Autore principale: Wigger, Berthold U.
Altri autori: Weizsäcker, Robert K. von
Natura: Libro
Lingua:inglese
Pubblicazione: Washington International Monetary Fund 1999
Serie:IMF Working Paper WP/99/174
Soggetti:
Tags: Aggiungi Tag
Nessun Tag, puoi essere il primo ad aggiungerne!!

MARC

LEADER 00000nam a2200000 4500
001 c123959
005 20221221083524.1
041 0 |a eng 
044 |a US 
245 1 0 |a Risk, resources, and education-public versus private financing of higher education  |c Berthold U. Wigger, Robert K. von Weizsäcker 
264 1 |a Washington  |b International Monetary Fund  |c 1999 
300 |a 21 s. 
490 1 |a IMF Working Paper  |v WP/99/174 
830 0 |a IMF Working Paper  |v WP/99/174 
610 2 0 |a vzdelanie 
610 2 0 |a školy 
610 2 0 |a financovanie 
610 2 0 |a výdavky 
100 1 |a Wigger, Berthold U. 
700 1 |a Weizsäcker, Robert K. von